Подробности
| 000 -МАРКЕР |
| контрольное поле |
03373ncm0a2200421 4500 |
| 001 - ИДЕНТИФИКАТОР ЗАПИСИ |
| контрольное поле |
RU\NLR\ONIZ\224909 |
| 005 - ИДЕНТИФИКАТОР ВЕРСИИ |
| контрольное поле |
20250626152131.0 |
| 035 ## - ДРУГИЕ СИСТЕМНЫЕ НОМЕРА |
| Идентификатор записи |
RU\NLR\ONIZ\GALA\5000034121\20190129141338 |
| 035 ## - ДРУГИЕ СИСТЕМНЫЕ НОМЕРА |
| Идентификатор записи |
(NLR Aleph) 011924834 |
| 071 20 - ИЗДАТЕЛЬСКИЙ НОМЕР |
| Номер, присвоенный агентством |
с 2664 к |
| 100 ## - ДАННЫЕ ОБЩЕЙ ОБРАБОТКИ |
| Данные общей обработки |
20190129d1999 |||y0rusy50 ca |
| 101 0# - ЯЗЫК РЕСУРСА |
| Язык текста, звукозаписи и т.д. |
русский |
| 102 ## - СТРАНА ПУБЛИКАЦИИ ИЛИ ПРОИЗВОДСТВА |
| Страна публикации |
Российская Федерация |
| 125 ## - ПОЛЕ КОДИРОВАННЫХ ДАННЫХ: ЗВУКОЗАПИСИ И НОТНЫЕ ИЗДАНИЯ |
| Форма изложения нотного текста |
ax |
| 200 1# - ЗАГЛАВИЕ И СВЕДЕНИЯ ОБ ОТВЕТСТВЕННОСТИ |
| Основное заглавие |
Музыкальные забавы |
| Общее обозначение материала |
Ноты |
| Сведения, относящиеся к заглавию |
сб. весёлых пьес для фп. в 4 руки (для любого возраста, включая начинающих) |
| Обозначение и номер части |
Вып. 1 |
| Первые сведения об ответственности |
сост. и авт. перелож. Ю. Маевский |
| 210 ## - ПУБЛИКАЦИЯ, РАСПРОСТРАНЕНИЕ И ДР. |
| Место издания, распространения и т.д. |
Санкт-Петербург |
| Имя издателя, распространителя и т. д. |
Композитор - Санкт-Петербург |
| Дата издания, распространения и т.д. |
cop. 1999 |
| 215 ## - ФИЗИЧЕСКАЯ ХАРАКТЕРИСТИКА |
| Специфическое обозначение материала и объем |
39 с. |
| Размеры |
29 см |
| 327 1# - ПРИМЕЧАНИЯ О СОДЕРЖАНИИ |
| Текст примечания |
1. Три поросенка / Ф. Черчилль. |
| -- |
2. Ява / Ф. Фрайдей, А. Тоуссайд. |
| -- |
3. Прогулка по кукурузному полю / Т. Карамиа. |
| -- |
4. Шутка-сувенир / И. Фролов. |
| -- |
5. Веселая румба / Ю. Маевский. |
| -- |
6. Старый автомобиль / Р. Петерсен. |
| -- |
7. Маевский Ю. И. |
| 464 #0 - АНАЛИТИЧЕСКИЙ УРОВЕНЬ |
| Встроенное поле |
2001#$aТри поросенка$fФ. Черчилль |
| -- |
215##$aС.1-11 |
| -- |
700#1$9z01790$aЧерчилль$bФ.$gФрэнк$f1901-1942$4230$7ca |
| -- |
790#1$9z01700$aChurchill$bF.$gFrank$f1901-1942$4230$7ba |
| Заглавие |
Три поросенка |
| Автор |
Черчилль, Фрэнк (1901-1942) |
| 464 #0 - АНАЛИТИЧЕСКИЙ УРОВЕНЬ |
| Встроенное поле |
2001#$aЯва$fФ. Фрайдей, А. Тоуссайд |
| -- |
215##$aС.12-15 |
| Заглавие |
Ява |
| 464 #0 - АНАЛИТИЧЕСКИЙ УРОВЕНЬ |
| Встроенное поле |
2001#$aПрогулка по кукурузному полю$fТ. Карамиа |
| -- |
215##$aС.16-17 |
| -- |
700#1$9z01790$aКарамиа$bТ.$gТони$f1950-$4230$7ca |
| -- |
790#1$9z01700$aCaramia$bT.$gTony$f1950-$4230$7ba |
| Заглавие |
Прогулка по кукурузному полю |
| Автор |
Карамиа, Тони (1950-) |
| 464 #0 - АНАЛИТИЧЕСКИЙ УРОВЕНЬ |
| Встроенное поле |
2001#$aШутка-сувенир$fИ. Фролов |
| -- |
215##$aС.18-23 |
| -- |
700#1$9z01790$aФролов$bИ. А.$gИгорь Александрович$f1937-2013$4230$7ca |
| -- |
790#1$9z01700$aFrolov$bI. A.$gIgor` Aleksandrovič$4230$7ba |
| Заглавие |
Шутка-сувенир |
| Автор |
Фролов, Игорь Александрович (1937-2013) |
| 464 #0 - АНАЛИТИЧЕСКИЙ УРОВЕНЬ |
| Встроенное поле |
2001#$aВеселая румба$fЮ. Маевский |
| -- |
700#1$9z01790$aМаевский$bЮ. И.$gЮрий Иосифович$f1942-$4230$7ca |
| -- |
790#1$9z01700$aMaevskij$bJ.$gJurij$f1942-$4230$7ba |
| Заглавие |
Веселая румба |
| Автор |
Маевский, Юрий Иосифович (1942-) |
| 464 #0 - АНАЛИТИЧЕСКИЙ УРОВЕНЬ |
| Встроенное поле |
2001#$aСтарый автомобиль$fР. Петерсен |
| -- |
215##$aС.28-29 |
| Заглавие |
Старый автомобиль |
| 464 #0 - АНАЛИТИЧЕСКИЙ УРОВЕНЬ |
| Встроенное поле |
700#1$9z01790$aМаевский$bЮ. И.$gЮрий Иосифович$f1942-$4230$7ca |
| -- |
790#1$9z01700$aMaevskij$bJ.$gJurij$f1942-$4230$7ba |
| Автор |
Маевский, Юрий Иосифович (1942-) |
| 606 1# - НАИМЕНОВАНИЕ ТЕМЫ КАК ПРЕДМЕТ |
| Наименование темы |
Переложения для фортепиано в 4 руки |
| Код системы |
nlr_sh |
| 686 ## - ИНДЕКСЫ ДРУГИХ КЛАССИФИКАЦИЙ |
| Индекс |
Щ952.425.4-095я43 |
| Издание |
LBC/SL |
| Код системы |
|
| 700 #1 - ИМЯ ЛИЦА - ПЕРВИЧНАЯ ОТВЕТСТВЕННОСТЬ |
| Системный номер авторитетной/нормативной записи |
z02790 |
| Начальный элемент ввода |
Маевский |
| Часть имени, кроме начального элемента ввода |
Ю. И. |
| Даты |
1942- |
| Расширение инициалов личного имени |
Юрий Иосифович |
| Код отношения |
Составитель |
| Графика поля |
Кириллица |
| 790 #1 - ИМЯ ЛИЦА - АЛЬТЕРНАТИВНАЯ ФОРМА |
| Системный номер авторитетной/нормативной записи |
z02700 |
| Начальный элемент ввода |
Maevskij |
| Часть имени, кроме начального элемента ввода |
J. |
| Даты |
1942- |
| Расширение инициалов личного имени |
Jurij |
| Код отношения |
Составитель |
| Графика поля |
Латинская |
| 801 #0 - ИСТОЧНИК ЗАПИСИ |
| Страна |
Российская Федерация |
| Организация |
NLR |
| Дата составления |
20190129 |
| Правила каталогизации |
PSBO |
| 801 #1 - ИСТОЧНИК ЗАПИСИ |
| Страна |
Российская Федерация |
| Организация |
NLR |
| Дата составления |
20190129 |
| Источник данных |
rusmarc |
| 801 #2 - ИСТОЧНИК ЗАПИСИ |
| Страна |
Российская Федерация |
| Организация |
NLR |
| Дата составления |
20190224 |
| 852 ## - МЕСТОНАХОЖДЕНИЕ И ШИФР ХРАНЕНИЯ |
| Идентификатор организации |
NLR |
| Наименование фонда или коллекции (Sub-Location Identifier) |
М |
| Шифр хранения (Call Number) |
К-3/29759(1) |
| Страна |
|
| Номер экземпляра |
1 |
| 942 ## - ДОПОЛНИТЕЛЬНЫЕ ЭЛЕМЕНТЫ ЗАПИСИ (АБИС) |
| Тип экземпляра АБИС |
Ноты |
| 980 ## - КОЛЛЕКЦИЯ |
| Название коллекции |
Национальная библиография |
| 980 ## - КОЛЛЕКЦИЯ |
| Название коллекции |
Отдел нот и звукозаписей |